|
|
|
|
| LEADER |
00000nam0a2200000 4500 |
| 001 |
27676 |
| 005 |
20231030202257.0 |
| 010 |
|
|
|a 5765701531
|
| 035 |
|
|
|a (RuTPU)RU\TPU\book\27929
|
| 035 |
|
|
|a BOOK00028004
|
| 090 |
|
|
|a 27676
|
| 100 |
|
|
|a 20011209d2001 m y0rusy50 ca
|
| 101 |
0 |
|
|a ger
|
| 102 |
|
|
|a RU
|
| 105 |
|
|
|a y j 000ay
|
| 200 |
1 |
|
|a Голубая лента
|e На немецком языке
|f Б. Келлерман
|
| 210 |
|
|
|a Москва
|c Цитадель
|d 2001
|
| 215 |
|
|
|a 352 с.
|
| 225 |
1 |
|
|a Литературный клуб
|
| 225 |
1 |
|
|a Совершенствуем немецкий
|
| 510 |
1 |
|
|a Das Blaue Band
|
| 610 |
1 |
|
|a немецкий язык
|
| 610 |
1 |
|
|a учебные пособия
|
| 610 |
1 |
|
|a хрестоматии
|
| 610 |
1 |
|
|a книги для чтения
|
| 686 |
|
|
|a Ш143.24-923.8
|v LBC/SL-A
|2 rubbk
|
| 700 |
|
1 |
|a Келлерман
|b Б.
|g Бернхард
|
| 801 |
|
0 |
|a RU
|b 63413507
|c 20011209
|g PSBO
|
| 801 |
|
2 |
|a RU
|b 63413507
|c 20160824
|g PSBO
|
| 942 |
|
|
|c BK
|